| 000 | 01202cam a2200265 a 4500 | ||
|---|---|---|---|
| 003 | EG-GiCUC | ||
| 005 | 20250223031113.0 | ||
| 008 | 141129s2013 ua f m 000 0 ara d | ||
| 040 |
_aEG-GiCUC _bara _cEG-GiCUC |
||
| 041 | 0 | _aara | |
| 049 | _aاهداء | ||
| 097 | _aماجستير | ||
| 099 | _aCai01.34.M.Sc.2013.فا.ف | ||
| 100 | 0 | _aفاطمة على محمد السيد نوفل | |
| 245 | 1 | 0 |
_aفعالية برنامج معرفى سلوكى فى التخفيف من حدة الاكتئاب والوسواس القهرى / _cفاطمة على محمد السيد نوفل ؛ اشراف حسين محمد سعد الدين الحسينى : اكرم فتحى يونس |
| 260 |
_aالمنصورة : _bفاطمة على محمد السيد نوفل : _c2013 |
||
| 300 |
_a401ورقة ؛ _c30سم |
||
| 502 | _aاطروحة (ماجستير) - جامعة المنصورة - كلية الاداب - قسم علم النفس | ||
| 700 | 0 |
_aاكرم فتحى يونس : _eمشرف |
|
| 700 | 0 |
_aحسين محمد سعد الدين الحسينى : _eمشرف |
|
| 856 | _uhttp://172.23.153.220/th.pdf | ||
| 905 |
_aNazla _eRevisor |
||
| 905 |
_aSoheir _eCataloger |
||
| 942 |
_2ddc _cTH |
||
| 999 |
_c48477 _d48477 |
||